Obranca vlasti orgán Slovenského ústredného výboru Zväzarmu

Bibliographic Details
New Title:Technika a šport
Format: Newspaper
Language:Slovak
PhysicalDescription:17 zv. 45 cm
Published: Praha Magnet 1974-1990
Praha Naše vojsko
Subjects:

MARC

LEADER 00000cas a2200000 a 4500
001 vtls008882743
003 SK-MaSNL
005 20260228162313.0
008 230809d19741990CZ wr na 0 0 b0sloo
035 |a (SVKBB03)vtls000115053 
040 |a SVKBB  |b slo  |c SVKBB  |d SNK  |e AACR2 
041 0 |a slo 
043 |a e-xo--- 
044 |a xo  |c SK  |a xr  |c CZ 
072 7 |a 796  |x Šport. Hry. Telesné cvičenia  |2 konspekt 
072 7 |a 355/359  |x Vojenstvo. Obrana krajiny. Ozbrojené sily  |2 konspekt 
080 |a 796.034.2  |2 2011 
080 |a 355.3  |2 2011 
080 |a (051)  |2 2011 
245 0 0 |a Obranca vlasti  |b orgán Slovenského ústredného výboru Zväzarmu 
260 |a Praha  |b Magnet  |c 1974-1990 
260 |3 1979-1990  |a Praha  |b Naše vojsko 
300 |a 17 zv.  |c 45 cm 
310 |a 1x týždenne 
362 0 |a Č. 1 (1974)-č. 52 (1981); roč. 9(28), č. 1 (1982)-roč. 36, č. 9 (1990) 
500 |a Redaktori sa menia 
500 |a Od č. 10/1990 zmena názvu na Technika a šport 
500 |a Nový podnázov od r. 1989: orgán Slovenského ústredného výboru Zväzarmu pre spoluprácu s armádou 
550 |a vydáva Slovenský ústredný výbor Zväzarmu vo vyd. Magnet Praha 
550 |a vydáva Slovenský ústredný výbor Zväzarmu vo Vydavateľstve Naše vojsko, š. p. Praha 
550 |a vydáva Združenie technických športov a činností Slovenskej republiky vo vyd. Naše vojsko, š. p. Praha 
610 2 7 |a Zväzarm  |2 SNKKA  |9 94458 
650 0 7 |a branná výchova  |2 SNKPH  |9 71875 
650 0 7 |a športové aktivity  |2 SNKPH  |9 49994 
655 0 7 |a časopisy záujmových združení a spolkov  |2 SNKPH  |9 141943 
710 2 |a Zväzarm  |b Slovenský ústredný výbor  |4 pbl  |9 220517 
785 0 0 |t Technika a šport  |w vtls008883053 
910 |a snk 
910 |a svkbb 
916 |a 1974-1990 
999 |c 7499  |d 9429 
952 |0 0  |1 0  |4 0  |7 0  |a SNK  |b SNK  |d 2023-10-23  |i snkČSP 2120/86  |l 0  |o snkČSA 411/31/1985 D1  |p 17A1349119  |r 2026-02-21 19:49:42  |t č. 1-52  |w 2026-02-21  |y PREZ 
952 |0 0  |1 0  |4 0  |7 0  |a SNK  |b SNK  |d 2023-10-23  |i snkČSP 344/84  |l 0  |o snkČSA 411/10(29)1983 D1  |p 17A1349118  |r 2026-02-21 19:49:42  |t č. 1-52  |w 2026-02-21  |y PREZ 
952 |0 0  |1 0  |4 0  |7 0  |a SNK  |b SNK  |d 2023-10-23  |i snkČSP 109/85  |l 0  |o snkČSA 411/30/1984 D1  |p 17A1349117  |r 2026-02-21 19:49:42  |t č. 1-52  |w 2026-02-21  |y PREZ 
952 |0 0  |1 0  |4 0  |7 0  |a SNK  |b SNK  |d 2022-11-11  |f 1  |i snkČSP 2781/91  |l 0  |o snkČSA 411/1/1990/2  |p 17A1464829  |r 2026-02-21 20:09:32  |t č. 10-52  |w 2026-02-21  |y PREZ  |z Od č. 10/1990 je zmenený názov na Technika a špor. Zviazaný je a titulom Obraba vlasti č 1-9/1990 ; ; ;  
952 |0 0  |1 0  |4 0  |7 0  |a SNK  |b SNK  |d 2022-11-09  |f 1  |i snkČSP 649/75  |l 0  |o snkČSA 411/1974  |p 17A0767672  |r 2026-02-21 20:11:08  |t č. 1-52  |w 2026-02-21  |y PREZ 
952 |0 0  |1 0  |4 0  |7 0  |a SNK  |b SNK  |d 2022-11-09  |f 1  |i snkČSP 832/76  |l 0  |o snkČSA 411/1975  |p 17A0767673  |r 2026-02-21 20:11:08  |t č. 1-52 + príl.  |w 2026-02-21  |y PREZ  |z Príloha: Slovenský aktív žien členiek a funkcionárok Zväzarmu 
952 |0 0  |1 0  |4 0  |7 0  |a SNK  |b SNK  |d 2022-11-09  |f 1  |i snkČSP 622/77  |l 0  |o snkČSA 411/1977  |p 17A0763940  |r 2026-02-21 20:11:08  |t č. 1-52  |w 2026-02-21  |y PREZ 
952 |0 0  |1 0  |4 0  |7 0  |a SNK  |b SNK  |d 2022-11-09  |f 1  |i snkČSP 161/78  |l 0  |o snkČSA 411/1978  |p 17A0763941  |r 2026-02-21 20:11:08  |t č. 1-52  |w 2026-02-21  |y PREZ 
952 |0 0  |1 0  |4 0  |7 0  |a SNK  |b SNK  |d 2022-11-09  |f 1  |i snkČSP 84/80  |l 0  |o snkČSA 411/1979  |p 17A0763942  |r 2026-02-21 20:11:08  |t č. 1-52  |w 2026-02-21  |y PREZ 
952 |0 0  |1 0  |4 0  |7 0  |a SNK  |b SNK  |d 2022-11-09  |f 2  |i snkČSP 398/81  |l 0  |o snkČSA 411/1980  |p 17A0763947  |r 2026-02-21 20:11:08  |t č. 1-52  |w 2026-02-21  |y PREZ 
952 |0 0  |1 0  |4 0  |7 0  |a SNK  |b SNK  |d 2022-11-09  |f 1  |i snkČSP 129/82  |l 0  |o snkČSA 411/1981  |p 17A0763872  |r 2026-02-21 20:11:08  |t č. 1-52 + príl.  |w 2026-02-21  |y PREZ  |z Príloha: Smery a úlohy ďalšieho rozvoja motorizmu vo Zväzarme 
952 |0 0  |1 0  |4 0  |7 0  |a SNK  |b SNK  |d 2022-11-09  |f 1  |i snkČSP 375/83  |l 0  |o snkČSA 411/9(28)/1982  |p 17A0763873  |r 2026-02-21 20:11:08  |t č. 1-52  |w 2026-02-21  |y PREZ 
952 |0 0  |1 0  |4 0  |7 0  |a SNK  |b SNK  |d 2022-11-09  |f 1  |i snkČSP 343/84  |l 0  |o snkČSA 411/10(29)/1983  |p 17A0763860  |r 2026-02-21 20:11:08  |t č. 1-52  |w 2026-02-21  |y PREZ 
952 |0 0  |1 0  |4 0  |7 0  |a SNK  |b SNK  |d 2022-11-09  |f 1  |i snkČSP 108/85  |l 0  |o snkČSA 411/30/1984  |p 17A0763875  |r 2026-02-21 20:11:08  |t č. 1-52  |w 2026-02-21  |y PREZ 
952 |0 0  |1 0  |4 0  |7 0  |a SNK  |b SNK  |d 2005-01-10  |f 1  |i snkČSP 2119/86  |l 0  |o snkČSA 411/31/1985  |p 17A0454493  |r 2026-02-21 20:14:39  |t č. 1-52  |w 2026-02-21  |y PREZ 
952 |0 0  |1 0  |4 0  |7 0  |a SNK  |b SNK  |d 2007-01-24  |f 1  |i snkČSP 430/77  |l 0  |o snkČSA 411/1976  |p 17A0536379  |r 2026-02-21 20:19:27  |t č. 1-52  |w 2026-02-21  |y PREZ 
952 |0 0  |1 0  |4 0  |7 0  |a SNK  |b SNK  |d 2012-08-09  |i snkČSP 83/80  |l 0  |o snkČSA 411/1979 D1  |p 17A0887810  |r 2026-02-21 21:02:07  |w 2026-02-21  |y PREZ 
952 |0 0  |1 0  |4 0  |7 0  |a SNK  |b SNK  |d 2012-08-09  |i snkČSP 399/81  |l 0  |o snkČSA 411/1980 D1  |p 17A1020008  |r 2026-02-21 21:02:07  |w 2026-02-21  |y PREZ 
952 |0 0  |1 0  |4 0  |7 0  |a SNK  |b SNK  |d 2012-08-09  |i snkČSP 100/77  |l 0  |o snkČSA 411/1976 D1  |p 17A1020009  |r 2026-02-21 21:02:07  |w 2026-02-21  |y PREZ 
952 |0 0  |1 0  |4 0  |7 0  |a SNK  |b SNK  |d 2012-08-09  |i snkČSP 623/77  |l 0  |o snkČSA 411/1977 D1  |p 17A1020055  |r 2026-02-21 21:02:07  |w 2026-02-21  |y PREZ 
952 |0 0  |1 0  |4 0  |7 0  |a SNK  |b SNK  |d 2012-08-09  |i snkČSP 162/78  |l 0  |o snkČSA 411/1978 D1  |p 17A1020056  |r 2026-02-21 21:02:07  |w 2026-02-21  |y PREZ 
952 |0 0  |1 0  |4 0  |7 0  |a SNK  |b SNK  |d 2012-08-09  |i snkČSP 648/75  |l 0  |o snkČSA 411/1974 D1  |p 17A1020001  |r 2026-02-21 21:02:07  |w 2026-02-21  |y PREZ 
952 |0 0  |1 0  |4 0  |7 0  |a SNK  |b SNK  |d 2012-08-09  |l 0  |o snkČSA 411/1975 D1  |p 17A1020057  |r 2026-02-21 21:02:08  |w 2026-02-21  |y PREZ 
952 |0 0  |1 0  |4 0  |7 0  |a SNK  |b SNK  |d 2005-01-10  |f 2  |i snkČSP 1683/88  |l 0  |o snkČSA 411/33/1987  |p 17A0454432  |r 2026-02-21 21:10:30  |t č. 1-52  |w 2026-02-21  |y PREZ 
952 |0 0  |1 0  |4 0  |7 0  |a SNK  |b SNK  |d 2005-01-10  |f 1  |i snkČSP 477/89  |l 0  |o snkČSA 411/34/1988  |p 17A0454201  |r 2026-02-21 21:10:30  |t č. 1-52  |w 2026-02-21  |y PREZ 
952 |0 0  |1 0  |4 0  |7 0  |a SNK  |b SNK  |d 2005-01-10  |f 1  |i snkČSP 1439/90  |l 0  |o snkČSA 411/35/1989  |p 17A0454195  |r 2026-02-21 21:10:30  |t č. 1-52  |w 2026-02-21  |y PREZ 
952 |0 0  |1 0  |4 0  |7 0  |a SNK  |b SNK  |d 2005-01-10  |f 1  |i snkČSP 2781/91  |l 0  |o snkČSA 411/36/1990/1  |p 17A0454445  |r 2026-02-21 21:10:30  |t č. 1-9  |w 2026-02-21  |y PREZ  |z Č. 1-9/1990 (Obranca vlasti) je zviazaný s titulom Technika a špor č. 10-52/1990 ; ;  
952 |0 0  |1 0  |4 0  |7 0  |a SNK  |b SNK  |d 2005-01-10  |f 1  |i snkČSP 625/87  |l 0  |o snkČSA 411/32/1986  |p 17A0454426  |r 2026-02-21 21:10:30  |t č. 1-52  |w 2026-02-21  |y PREZ